| 000 | 01648cam a22003974a 4500 | ||
|---|---|---|---|
| 001 | 13882325 | ||
| 003 | OSt | ||
| 005 | 20211231103825.0 | ||
| 008 | 050225s2006 njua b 001 0 eng | ||
| 010 | _a 2005005179 | ||
| 015 |
_aGBA588273 _2bnb |
||
| 016 | 7 |
_a013315599 _2Uk |
|
| 020 | _a0471648078 (cloth) | ||
| 035 | _a(OCoLC)ocm58432132 | ||
| 038 | _akhadija | ||
| 040 |
_aDLC _cDLC _dYDX _dBAKER _dUKM _dCOO _dIXA _dDLC |
||
| 042 | _apcc | ||
| 050 | 0 | 0 |
_aTA647 _b.B494 2006 |
| 082 | 0 | 0 |
_a624.171051 _222 _bBHA |
| 100 | 1 |
_aBhatti, M. Asghar. _987184 |
|
| 245 | 1 | 0 |
_aAdvanced topics in finite element analysis of structures : _bwith Mathematica and MATLAB computations / _cM. Asghar Bhatti. |
| 260 |
_aHoboken, N.J. : _bJohn Wiley, _cc2006. |
||
| 300 |
_axvi, 590 p. : _bill. ; _c25 cm. |
||
| 504 | _aIncludes bibliographical references (p. 579-584) and index. | ||
| 563 | _aHB | ||
| 630 | 0 | 0 |
_aMATLAB. _987185 |
| 630 | 0 | 0 |
_aMathematica (Computer file) _987186 |
| 650 | 0 |
_aStructural analysis (Engineering) _xData processing. _987187 |
|
| 650 | 0 |
_aFinite element method _xData processing. _987188 |
|
| 856 | 4 | 1 |
_3Table of contents _uhttp://www.loc.gov/catdir/toc/ecip058/2005005179.html |
| 856 | 4 | 2 |
_3Publisher description _uhttp://www.loc.gov/catdir/enhancements/fy0621/2005005179-d.html |
| 856 | 4 | 2 |
_3Contributor biographical information _uhttp://www.loc.gov/catdir/enhancements/fy0653/2005005179-b.html |
| 906 |
_a7 _bcbc _corignew _d1 _eecip _f20 _gy-gencatlg |
||
| 942 |
_2ddc _cBK |
||
| 999 |
_c32401 _d32401 |
||